[Event "Polanica Zdroj op-B 46th"]
[Site "Polanica Zdroj"]
[Date "2010.08.18"]
[Round "1"]
[White "Ronke, Robert"]
[Black "Proczek, Mateusz"]
[Result "1-0"]
[WhiteElo "1933"]
[BlackElo "1664"]
[PlyCount "81"]
[EventDate "2010.08.18"]
[EventType "swiss"]
[EventRounds "9"]
[EventCountry "POL"]
[SourceTitle "CBM 138 Extra"]
[Source "ChessBase"]
[SourceDate "2010.10.29"]
[SourceVersion "1"]
[SourceVersionDate "2010.10.29"]
[SourceQuality "1"]

1. d4 d5 2. c4 e6 3. g3 Nf6 4. Nf3 Nc6 5. Bg2 Bb4+ 6. Bd2 Bxd2+ 7. Nbxd2 0-0 8. 0-0 Re8 9. e3 Bd7 10. Ne5 Rb8 11. Rc1 a6 12. a3 Ne7 13. Qc2 Bc6 14. Nb3 Nd7 15. Nxd7 Qxd7 16. Nc5 Qd6 17. Rfd1 dxc4 18. Bxc6 Qxc6 19. Qxc4 Nd5 20. Qe2 Qd6 21. e4 Nb6 22. e5 Qd5 23. Ne4 Qd8 24. Qg4 Nd5 25. Rc5 f5 26. exf6 Nxf6 27. Nxf6+ Qxf6 28. Rxc7 Rf8 29. Qe2 Rbd8 30. Rxb7 Rxd4 31. Rxd4 Qxd4 32. Qxe6+ Kh8 33. Qe2 Qd6 34. Ra7 Qd4 35. Rxa6 Rc8 36. Re6 Qd7 37. Re7 Qc6 38. Qe6 Qa8 39. Qe4 Qxe4 40. Rxe4 h6 41. b4 1-0

[Event "Chorzow op 45th"]
[Site "Chorzow"]
[Date "2009.04.03"]
[Round "7"]
[White "Ronke, Robert"]
[Black "Buchowski, Adam"]
[Result "0-1"]
[WhiteElo "1930"]
[BlackElo "1919"]
[PlyCount "108"]
[EventDate "2009.03.28"]
[EventType "swiss"]
[EventRounds "9"]
[EventCountry "POL"]
[SourceTitle "CBM 129 Extra"]
[Source "ChessBase"]
[SourceDate "2009.05.05"]
[SourceVersion "2"]
[SourceVersionDate "2009.05.20"]
[SourceQuality "1"]

1. d4 Nf6 2. c4 e6 3. g3 Be7 4. Bg2 d5 5. Nf3 c6 6. 0-0 0-0 7. Nc3 b6 8. Re1 Ba6 9. cxd5 cxd5 10. Ne5 Bb7 11. a4 Nc6 12. e4 Nb4 13. exd5 Nbxd5 14. Bd2 Rc8 15. a5 Nxc3 16. Bxc3 Bxg2 17. Kxg2 b5 18. Qd3 Qd5+ 19. Kg1 Rfd8 20. Nf3 Nd7 21. Bd2 Bf6 22. Qe2 Nb8 23. Rac1 Nc6 24. Be3 Be7 25. Red1 Nxa5 26. Ne5 Nb3 27. Rxc8 Rxc8 28. Qh5 g6 29. Qh6 Rc2 30. Qf4 f5 31. Qh6 Bf8 32. Qg5 Rc7 33. Bf4 Nxd4 34. Re1 Rc8 35. Qf6 Qb7 36. Qh4 Bg7 37. Be3 Bxe5 38. Bxd4 Bxd4 39. Qxd4 Kf7 40. Qh4 h5 41. Qf4 Rc2 42. Qh6 Qb6 43. Qh7+ Kf6 44. Qh8+ Kg5 45. h4+ Kg4 46. Re3 Kh3 47. g4+ Kxh4 48. Qf6+ g5 49. Qe5 f4 50. gxh5 fxe3 51. Qh2+ Kg4 52. f3+ Kxf3 53. Qxc2 e2+ 54. Kh2 Qd6+ 0-1

[Event "Chorzow op 45th"]
[Site "Chorzow"]
[Date "2009.04.02"]
[Round "6"]
[White "Kuciel, Wladyslaw"]
[Black "Ronke, Robert"]
[Result "0-1"]
[WhiteElo "2121"]
[BlackElo "1930"]
[PlyCount "28"]
[EventDate "2009.03.28"]
[EventType "swiss"]
[EventRounds "9"]
[EventCountry "POL"]
[SourceTitle "CBM 129 Extra"]
[Source "ChessBase"]
[SourceDate "2009.05.05"]
[SourceVersion "2"]
[SourceVersionDate "2009.05.20"]
[SourceQuality "1"]

1. d4 e6 2. c4 f5 3. Nc3 Nf6 4. g3 d6 5. Bg2 Be7 6. e4 0-0 7. Nge2 c6 8. 0-0 Nbd7 9. exf5 exf5 10. Qd3 Qe8 11. b3 Nh5 12. Nf4 Nxf4 13. Bxf4 Nf6 14. Rae1 Qf7 0-1

[Event "Chorzow op 45th"]
[Site "Chorzow"]
[Date "2009.03.29"]
[Round "2"]
[White "Mulet, Piotr"]
[Black "Ronke, Robert"]
[Result "1/2-1/2"]
[WhiteElo "2303"]
[BlackElo "1930"]
[PlyCount "68"]
[EventDate "2009.03.28"]
[EventType "swiss"]
[EventRounds "9"]
[EventCountry "POL"]
[SourceTitle "CBM 129 Extra"]
[Source "ChessBase"]
[SourceDate "2009.05.05"]
[SourceVersion "2"]
[SourceVersionDate "2009.05.20"]
[SourceQuality "1"]

1. e4 e6 2. d4 d5 3. Nc3 dxe4 4. Nxe4 Bd7 5. Nf3 Bc6 6. Ng3 Nf6 7. Bd3 Nbd7 8. 0-0 Bxf3 9. Qxf3 c6 10. Re1 Be7 11. b3 0-0 12. Bb2 Qc7 13. c4 Rfe8 14. Rad1 Rad8 15. a3 Bf8 16. Bc2 b5 17. Ne4 Nxe4 18. Bxe4 Rc8 19. d5 cxd5 20. cxd5 Nc5 21. Bb1 exd5 22. Rxe8 Rxe8 23. Qf5 Ne4 24. g3 Qb6 25. Bd4 Qe6 26. Qf3 Ng5 27. Qd3 Qe4 28. Qf1 Qg4 29. Bxa7 Nf3+ 30. Kg2 Nh4+ 31. Kg1 Nf3+ 32. Kg2 Nh4+ 33. Kg1 Nf3+ 34. Kg2 Nh4+ 1/2-1/2